| 000 | 00000nas 2200000za 4500 |
| 001 | 9.827388 |
| 003 | CaOODSP |
| 005 | 20221107144808 |
| 007 | cr ||||||||||| |
| 008 | 161110c20169999abcuu mso||||f0 a0eng|d |
| 022 | # |a2371-5804 |
| 040 | |aCaOODSP|beng |
| 043 | |an-cn--- |
| 086 | 1 |aNE2-17E-PDF |
| 222 | 0|aEnergy market analysis ... |
| 245 | 00|aEnergy market analysis |h[electronic resource]. |
| 260 | |a[Calgary] : |bNational Energy Board, |c[2016]- |
| 310 | |aIrregular |
| 362 | 0 |aFall 2016-- |
| 500 | |aIssued also in French under title: Analyse des marchés de l’énergie. |
| 692 | 07|2gccst|aMarket |
| 692 | 07|2gccst|aEnergy |
| 710 | 1 |aCanada. |bNational Energy Board. |
| 775 | 08|tAnalyse des marchés de l’énergie |w(CaOODSP)9.827394 |